Statistiken für Russische Herrscher

Klicken Sie hier um das Quiz zu spielen!

Allgemein

  • Dieses Quiz wurde 124 mal gespielt
  • Das Durchschnittsergebnis liegt bei 22 aus 83

Antwortstatistiken

HintAntwort% Korrekt
1682 - 1725Peter I. der Große
89%
1727 - 1730Peter II.
89%
1762Peter III.
89%
1325 - 1328, 1328 - 1341Iwan I. der Geldsack
86%
1353 - 1359Iwan II. der Schöne
86%
1462 - 1505Iwan III der Große
86%
1533 - 1584Iwan IV. der Schreckliche
86%
1682 - 1696Iwan V.
86%
1740 - 1741Iwan VI.
86%
1825 - 1855Nikolaus I.
84%
1894 - 1917Nikolaus II.
84%
1801 - 1825Alexander I.
82%
1326 - 1327Alexander II.
82%
1855 - 1881Alexander II. der Befreier
82%
1881 - 1894Alexander II. der Friedensstifter
82%
1725 - 1727Katharina I.
82%
1762 - 1796Katharina II. die Große
82%
980 - 1015Wladimir I. der Große
57%
1113 - 1125Wladimir II. Monomach
57%
1796 - 1801Paul I.
39%
912 - 945Igor I.
35%
1146Igor II.
35%
1730 - 1740Anna
33%
1276 - 1281, 1283 - 1293Dimitri I.
32%
1605 - 1606Dimitri I. der Falsche
32%
1359 - 1389Dimitri I. Donskoi
32%
1322 - 1326Dimitri II.
32%
945 - 962Olga die Heilige
25%
1741 - 1762Elisabeth
24%
1645 - 1676Alexei I. der Sanftmütige
23%
1304 - 1318Michail
22%
879 - 912Oleg der Prophet
20%
1584 - 1598Fjodor I.
19%
1605Fjodor II. Godunow
19%
1676 - 1682Fjodor III.
19%
1613 - 1645Michail I.
15%
1271/72 - 1276Wassili
11%
1303 - 1325Juri I. Daniilowitsch
10%
1212 - 1216, 1218 - 1238Juri II.
10%
1318 - 1322Juri III.
10%
1216 - 1218Konstantin
9%
1248 - 1252Andrej II.
8%
1281 - 1283, 1293 - 1304Andrej III.
8%
1505 - 1533Wassili II.
8%
1606 - 1610Wassili IV. Schuiski
8%
1019 - 1054Jaroslaw I. der Weise
7%
1238 - 1246Jaroslaw II.
7%
1263 - 1271/72Jaroslaw III.
7%
Großfürsten der Kiewer Rus.
4%
Zaren von Russland (Romanow-Dynastie).
4%
Fürsten von Wladimir-Susdal.
4%
Zeit der Wirren.
4%
Großfürsten von Moskau.
4%
1598 - 1605Boris Godunow
4%
962 - 972Swjatoslaw I. der Eroberer
4%
1073 - 1076Swjatoslaw II.
4%
1246 - 1248Swjatoslaw III.
4%
1341 - 1353Simeon der Stolze
3%
1389 - 1425Wassili I.
3%
1425 - 1462Wassili II. der Blinde
3%
1139, 1150, 1151 - 1154Wjatscheslaw I.
3%
1610 - 1613Wladyslaw IV. Wasa
3%
972 - 980Jaropolk I.
2%
1132 - 1139Jaropolk II.
2%
1125 - 1132Mstislaw I. der Große
2%
1158 - 1159, 1167 - 1169Mstislaw II.
2%
1252 - 1263Alexander Newski
1%
1054 - 1068, 1069 - 1073, 1076 - 1078Isjaslaw I.
1%
1146 - 1149, 1150, 1151 - 1154Isjaslaw II.
1%
1155, 1157-1158, 1161Isjaslaw III.
1%
1154 - 1155, 1159 - 1161, 1161 - 1167Rostislaw
1%
1682 - 1689Sofia Alexejewna
1%
1078 - 1093Wsewolod I.
1%
1139 - 1146Wsewolod II.
1%
1176 - 1212Wsewolod III. das große Nest
1%
1168 - 1174Andrej Bogoljubski
0%
1272 - 1303Daniil Alexandrowitsch Moskowski
0%
1174 - 1175Jaropolk Rostislawitsch
0%
1149 - 1150, 1150 - 1151, 1155 - 1157Juri Dolgoruki
0%
1174, 1175 - 1176Michail Jurjewitsch
0%
1015 - 1019Swjatopol I. der Verfluchte
0%
1093 - 1113Swjatopolk II.
0%
1068 - 1069Wseslaw
0%

Verteilung der Resultate

Perzentil nach korrekt beantworteten Fragen

Anzahl Personen mit jedem Resultat

Ihre Resultats-Entwicklung

Sie haben dieses Quiz noch nicht gespielt